| 000 | 00454nam a2200217Ia 4500 | ||
|---|---|---|---|
| 003 | IT-RoPAU | ||
| 008 | 120407s9999 xx 000 0 und d | ||
| 040 | _aIT-RoPAU | ||
| 040 | _cIT-RoPAU | ||
| 041 | _aita | ||
| 100 | _aJaime Camara | ||
| 100 | _ccard. | ||
| 245 | _aReflexoes para religiosa em viagem, 2 voll. | ||
| 250 | _aSao Paulo | ||
| 260 | _aFSP | ||
| 260 | _c1968 | ||
| 300 | _c15 cm | ||
| 490 | _v1 | ||
| 942 | _cBK | ||
| 999 |
_c23500 _d23500 |
||